000 00601nam a2200229Ia 4500
003 OSt
005 20220928111554.0
006 a|||||r|||| 00| 0
007 ta
008 220927b |||||||| |||| 00| 0 eng d
024 _a38192
037 _cTextual
040 _aSDCL
_cSDCL
_beng
041 _2eng
_aeng
082 _aQ7:2, J5
100 _aHusain Sayyad Jahurul Tr.
_9424268
245 0 _aKuraan aur dhaarmik matbhed.
260 _aDelhi
_bAatmaaram
_c1955
300 _a87p.
_ccm.
942 _hQ7:2, J5
_cTEXL
_2CC
999 _c740862
_d740862